Cody Rhodes - Kingdom Lyrics - Statistics

General Stats
  • This quiz has been taken 65 times
  • The average score is 277 of 384
Answer Stats
Answers % Correct
a
98%
I
98%
my
98%
in
95%
to
95%
soul
93%
the
93%
control
88%
me
88%
show
88%
You
88%
you
88%
all
86%
father
86%
for
86%
it
86%
out
86%
Out
86%
said
86%
Do
83%
do
83%
Every
83%
go
83%
of
83%
Whoa
83%
Crowd
81%
crowd
81%
Hear
81%
lights
81%
Lights
81%
start
81%
was
81%
when
81%
younger
81%
Adrenaline
79%
about
76%
here
76%
Here
76%
home
76%
is
76%
king
76%
away
74%
blow
74%
freedom
74%
kingdom
74%
men
74%
take
74%
them
74%
Waitin'
74%
curtain
71%
feet
71%
Hard
71%
I'm
71%
off
71%
times
71%
better
69%
breed
69%
fight
69%
get
69%
give
69%
Give
69%
their
69%
took
69%
up
69%
name
64%
but
62%
follow
62%
game
62%
Now
62%
now
62%
end
60%
not
60%
And
57%
and
57%
change
57%
ready
57%
Ready
57%
am
55%
bow
55%
Bow
55%
dreams
55%
on
55%
built
50%
can
50%
Can't
50%
what
48%
You'll
48%
down
45%
see
45%
they
45%
came
43%
pain
43%
roof
43%
this
43%
Gonna
40%
made
40%
Tear
36%
toes
36%
town
36%
banner
33%
'em
29%
tell
26%
rule
21%
through
19%
door
17%
never
17%
tried
17%
as
14%
into
14%
kicked
14%
over
14%
saw
14%
stop
14%
throne
14%
right
12%
stepped
12%
watch
12%
you're
12%
clown
5%
No matching quizzes found
Score Distribution
Percent of People with Each Score
Percentile by Number Answered
Your Score History
You have not taken this quiz